Principles of direct and database
Tallennettuna:
| Päätekijä: | |
|---|---|
| Aineistotyyppi: | Kirja |
| Kieli: | Undetermined |
| Julkaistu: |
New York
Prentice Hall
2005
|
| Aiheet: | |
| Tagit: |
Lisää tagi
Ei tageja, Lisää ensimmäinen tagi!
|
| Thư viện lưu trữ: | Trung tâm Học liệu Trường Đại học Cần Thơ |
|---|
| LEADER | 00504nam a2200193Ia 4500 | ||
|---|---|---|---|
| 001 | CTU_88920 | ||
| 008 | 210402s9999 xx 000 0 und d | ||
| 020 | |c 704000 | ||
| 082 | |a 658.872 | ||
| 082 | |b T174 | ||
| 100 | |a Tapp, Alan | ||
| 245 | 0 | |a Principles of direct and database | |
| 245 | 0 | |c Alan Tapp | |
| 260 | |a New York | ||
| 260 | |b Prentice Hall | ||
| 260 | |c 2005 | ||
| 650 | |a Direct marketing,Database marketing | ||
| 904 | |i Truc | ||
| 980 | |a Trung tâm Học liệu Trường Đại học Cần Thơ | ||